000 00319 a2200121 4500
005 20250620125756.0
082 _aLM 335.412 MAR
100 _aMARX, K.
245 _aCapital: A Critique of Political Economy.
260 _aMoscow,
_bProgress Publishers,
_c1959.
300 _axi, 948p.: table
_bIndex
_c23cm.
942 _2ddc
_cBKS
999 _c269
_d269